Southville International School and Colleges
Your cart is empty.
  • Cart
  • Lists
    Public lists Eva Luna New books Lux_list list_1
    Your lists Log in to create your own lists
  • Log in to your account
  • Your cookies
  • Search history
Southville International School and Colleges
  • Advanced search
  • Recent comments
  • Most popular
  • Libraries

Log in to your account

Log in with GOOGLE


If you do not have an external account, but do have a local account, you can still log in:

  1. Home
  2. MARC view: The Atlantic Book of Modern Plays
Normal view MARC view ISBD view

The Atlantic Book of Modern Plays (Record no. 245690)

[ view plain ]
MARC details
000 -LEADER
fixed length control field 01950cam a22004453a 4500
001 - CONTROL NUMBER
control field 16435
003 - CONTROL NUMBER IDENTIFIER
control field PGUSA
005 - DATE AND TIME OF LATEST TRANSACTION
control field 20140828083341.0
008 - FIXED-LENGTH DATA ELEMENTS--GENERAL INFORMATION
fixed length control field 050804s2005||||xxu|||||s|||||000 | eng d
040 ## - CATALOGING SOURCE
Original cataloging agency PGUSA
Language of cataloging eng
042 ## - AUTHENTICATION CODE
Authentication code dc
050 #4 - LIBRARY OF CONGRESS CALL NUMBER
Classification number PR
050 #4 - LIBRARY OF CONGRESS CALL NUMBER
Classification number PS
245 14 - TITLE STATEMENT
Title The Atlantic Book of Modern Plays
Medium [electronic resource]
260 ## - PUBLICATION, DISTRIBUTION, ETC. (IMPRINT)
Name of publisher, distributor, etc Project Gutenberg,
Date of publication, distribution, etc 2005
505 0# - FORMATTED CONTENTS NOTE
Formatted contents note The philosopher of Butterbiggens, by H. Chapin -- Spreading the news, by Lady Gregory -- The beggar and the king, by W. Parkhurst -- Tides, by G. Middleton -- Ile, by E. O'Neill -- Campbell of Kilmhor, by J.A. Ferguson -- The sun, by J. Galsworthy -- The Knave of hearts, by Louise Saunders -- Fame and the poet, by Lord Dunsany -- The captain of the gate, by Beula M. Dix -- Gettysburg, by P. MacKaye -- Lonesome-like, by H. Brighouse -- Riders to the sea, by J.M. Synge -- The land of heart's desire, by W.B. Yeats -- The riding to Lithend, by G. Bottomley.
506 ## - RESTRICTIONS ON ACCESS NOTE
Terms governing access Public domain in the USA.
516 ## - TYPE OF COMPUTER FILE OR DATA NOTE
Type of computer file or data note Electronic text
653 ## - INDEX TERM--UNCONTROLLED
Uncontrolled term English drama
653 ## - INDEX TERM--UNCONTROLLED
Uncontrolled term American drama
700 1# - ADDED ENTRY--PERSONAL NAME
Personal name Ferguson, J. A.
700 1# - ADDED ENTRY--PERSONAL NAME
Personal name Galsworthy, John,
Dates associated with a name 1867-1933
700 1# - ADDED ENTRY--PERSONAL NAME
Personal name Chapin, Harold,
Dates associated with a name 1886-1915
700 1# - ADDED ENTRY--PERSONAL NAME
Personal name Dunsany, Edward John Moreton Drax Plunkett, Baron,
Dates associated with a name 1878-1957
700 1# - ADDED ENTRY--PERSONAL NAME
Personal name Middleton, George,
Dates associated with a name 1880-1967
700 1# - ADDED ENTRY--PERSONAL NAME
Personal name Saunders, Louise
700 1# - ADDED ENTRY--PERSONAL NAME
Personal name Yeats, W. B.
Fuller form of name (William Butler),
Dates associated with a name 1865-1939
700 1# - ADDED ENTRY--PERSONAL NAME
Personal name Leonard, Sterling Andrus,
Dates associated with a name 1888-1931
700 1# - ADDED ENTRY--PERSONAL NAME
Personal name Gregory, Lady,
Dates associated with a name 1852-1932
700 1# - ADDED ENTRY--PERSONAL NAME
Personal name Brighouse, Harold,
Dates associated with a name 1882-1958
700 1# - ADDED ENTRY--PERSONAL NAME
Personal name Dix, Beulah Marie,
Dates associated with a name 1876-1970
700 1# - ADDED ENTRY--PERSONAL NAME
Personal name Parkhurst, Winthrop
700 1# - ADDED ENTRY--PERSONAL NAME
Personal name Synge, J. M.
Fuller form of name (John Millington),
Dates associated with a name 1871-1909
700 1# - ADDED ENTRY--PERSONAL NAME
Personal name Mackaye, Percy,
Dates associated with a name 1875-1956
700 1# - ADDED ENTRY--PERSONAL NAME
Personal name O'Neill, Eugene,
Dates associated with a name 1888-1953
700 1# - ADDED ENTRY--PERSONAL NAME
Personal name Bottomley, Gordon,
Dates associated with a name 1874-1948
830 #0 - SERIES ADDED ENTRY--UNIFORM TITLE
Uniform title Project Gutenberg
Volume number/sequential designation 16435
856 40 - ELECTRONIC LOCATION AND ACCESS
Uniform Resource Identifier <a href="http://www.gutenberg.org/ebooks/16435">http://www.gutenberg.org/ebooks/16435</a>
942 ## - ADDED ENTRY ELEMENTS (KOHA)
Koha item type eBooks
Holdings
Withdrawn status Lost status Damaged status Home library Current library Date acquired Total Checkouts Date last seen Price effective from Koha item type
      Project Gutenberg Project Gutenberg 08/28/2014   08/28/2014 08/28/2014 eBooks

The Atlantic Book of Modern Plays

APA

Ferguson J. A., Galsworthy J., Chapin H., Dunsany E. J. M. D. P. B., Middleton G., Saunders L., Yeats W. B., Leonard S. A., Gregory L., Brighouse H., Dix B. M., Parkhurst W., Synge J. M., Mackaye P., O'Neill E. & Bottomley G. (2005). The Atlantic Book of Modern Plays. : Project Gutenberg.

Chicago

Ferguson J A, Galsworthy John, Chapin Harold, Dunsany Edward John Moreton Drax Plunkett Baron, Middleton George, Saunders Louise, Yeats W B, Leonard Sterling Andrus, Gregory Lady, Brighouse Harold, Dix Beulah Marie, Parkhurst Winthrop, Synge J M, Mackaye Percy, O'Neill Eugene and Bottomley Gordon. 2005. The Atlantic Book of Modern Plays. : Project Gutenberg.

Harvard

Ferguson J. A., Galsworthy J., Chapin H., Dunsany E. J. M. D. P. B., Middleton G., Saunders L., Yeats W. B., Leonard S. A., Gregory L., Brighouse H., Dix B. M., Parkhurst W., Synge J. M., Mackaye P., O'Neill E. and Bottomley G. (2005). The Atlantic Book of Modern Plays. : Project Gutenberg.

MLA

Ferguson J A, Galsworthy John, Chapin Harold, Dunsany Edward John Moreton Drax Plunkett Baron, Middleton George, Saunders Louise, Yeats W B, Leonard Sterling Andrus, Gregory Lady, Brighouse Harold, Dix Beulah Marie, Parkhurst Winthrop, Synge J M, Mackaye Percy, O'Neill Eugene and Bottomley Gordon. The Atlantic Book of Modern Plays. : Project Gutenberg. 2005.

  • Place hold
  • Print
  • Cite
  • Add to your cart (remove)
  • Save record
    BIBTEX Dublin Core MARCXML MARC (non-Unicode/MARC-8) MARC (Unicode/UTF-8) MARC (Unicode/UTF-8, Standard) MODS (XML) RIS
  • More searches
    Search for this title in:
    Other Libraries (WorldCat) Other Databases (Google Scholar) Online Stores (Bookfinder.com) Open Library (openlibrary.org)

Exporting to Dublin Core...

SOUTHVILLE LIBRARY

Southville International School and Colleges Library

1281 Tropical Ave. Cor. Luxembourg St., BF Homes International, Las Pinas City

Tel. No. 8256374 / 252358 Loc. 117/146

Powered by Koha